Poverty, unemployment and development policy in North- Eastern Region (phase-I) (Record no. 18315)

MARC details
000 -LEADER
fixed length control field 00325nam a2200121Ia 4500
082 ## - DEWEY DECIMAL CLASSIFICATION NUMBER
Classification number RG.0053
100 ## - MAIN ENTRY--AUTHOR NAME
Personal name Guhathakurta, S.N.
245 #0 - TITLE STATEMENT
Title Poverty, unemployment and development policy in North- Eastern Region (phase-I)
260 ## - PUBLICATION, DISTRIBUTION, ETC. (IMPRINT)
Year of publication 1983
300 ## - PHYSICAL DESCRIPTION
Number of Pages 169p.
942 ## - ADDED ENTRY ELEMENTS (KOHA)
Koha item type Books
Holdings
Withdrawn status Lost status Damaged status Not for loan Home library Current library Date acquired Bill Date Full call number Accession Number Price effective from Koha item type
        NASSDOC Library NASSDOC Library 08/10/2004 2004-10-22 RG.0053 16635 18/04/2019 Books